The Beatles: UK Studio Albums by Cover - Statistics

General Stats
  • This quiz has been taken 101 times
  • The average score is 11 of 12
Answer Stats
Picture Hint Answer % Correct
1969 Abbey Road
99%
1965 Help!
97%
1968 The Beatles | The White Album
97%
1970 Let It Be
96%
1966 Revolver
95%
1969 Yellow Submarine
95%
1965 Rubber Soul
93%
1967 Sgt. Pepper's Lonely Hearts Club Band
93%
1964 A Hard Day's Night
84%
1963 Please Please Me
78%
1963 With the Beatles
77%
1964 Beatles for Sale
72%
No matching quizzes found
Score Distribution
Percent of People with Each Score
Percentile by Number Answered
Your Score History
You have not taken this quiz